Probiotic and prebiotic recipes for health : (Record no. 61602)

MARC details
000 -LEADER
fixed length control field 01337cam a22003374i 4500
001 - CONTROL NUMBER
control field vtls003145196
003 - CONTROL NUMBER IDENTIFIER
control field MY-SjTCS
005 - DATE AND TIME OF LATEST TRANSACTION
control field 20200306170329.0
008 - FIXED-LENGTH DATA ELEMENTS--GENERAL INFORMATION
fixed length control field 110218t2008 maua 001 0 eng
020 ## - INTERNATIONAL STANDARD BOOK NUMBER
International Standard Book Number 9781592333219 (paperback)
020 ## - INTERNATIONAL STANDARD BOOK NUMBER
International Standard Book Number 1592333214 (paperback)
039 #9 - LEVEL OF BIBLIOGRAPHIC CONTROL AND CODING DETAIL [OBSOLETE]
Level of rules in bibliographic description 201809071433
Level of effort used to assign nonsubject heading access points VLOAD
Level of effort used to assign subject headings 201510031135
Level of effort used to assign classification shuhada
Level of effort used to assign subject headings 201102181545
Level of effort used to assign classification VLOAD
Level of effort used to assign subject headings 200910281440
Level of effort used to assign classification shuhada
-- 200907300933
-- malathy
040 ## - CATALOGING SOURCE
Description conventions rda
082 04 - DEWEY DECIMAL CLASSIFICATION NUMBER
Classification number 641.5631
Item number GEN
100 1# - MAIN ENTRY--PERSONAL NAME
Personal name Gensler, Tracy Olgeaty.
9 (RLIN) 34821
245 10 - TITLE STATEMENT
Title Probiotic and prebiotic recipes for health :
Remainder of title 100 recipes that battle colitis, candidiasis, food allergies, and other digestive disorders /
Statement of responsibility, etc. Tracy Olgeaty Gensler.
264 #1 - PRODUCTION, PUBLICATION, DISTRIBUTION, MANUFACTURE, AND COPYRIGHT NOTICE
Place of production, publication, distribution, manufacture Beverly, Massachusetts :
Name of producer, publisher, distributor, manufacturer Fair Winds Press,
Date of production, publication, distribution, manufacture, or copyright notice [2008]
264 #4 - PRODUCTION, PUBLICATION, DISTRIBUTION, MANUFACTURE, AND COPYRIGHT NOTICE
Date of production, publication, distribution, manufacture, or copyright notice ©2008
300 ## - PHYSICAL DESCRIPTION
Extent 224 pages :
Other physical details colour illustrations ;
Dimensions 24 cm
336 ## - CONTENT TYPE
Content type term text
Source rdacontent
337 ## - MEDIA TYPE
Media type term unmediated
Source rdamedia
338 ## - CARRIER TYPE
Carrier type term volume
Source rdacarrier
500 ## - GENERAL NOTE
General note Includes index.
650 #0 - SUBJECT ADDED ENTRY--TOPICAL TERM
Topical term or geographic name entry element Digestive organs
General subdivision Diseases
-- Diet therapy
Form subdivision Recipes.
9 (RLIN) 283451
650 #0 - SUBJECT ADDED ENTRY--TOPICAL TERM
Topical term or geographic name entry element Probiotics
Form subdivision Popular works.
9 (RLIN) 283452
650 #0 - SUBJECT ADDED ENTRY--TOPICAL TERM
Topical term or geographic name entry element Prebiotics
Form subdivision Popular works.
9 (RLIN) 283453
650 #0 - SUBJECT ADDED ENTRY--TOPICAL TERM
Topical term or geographic name entry element Colitis
General subdivision Diet therapy
Form subdivision Recipes.
9 (RLIN) 283454
650 #0 - SUBJECT ADDED ENTRY--TOPICAL TERM
Topical term or geographic name entry element Candidiasis
General subdivision Diet therapy
Form subdivision Recipes.
9 (RLIN) 283455
650 #0 - SUBJECT ADDED ENTRY--TOPICAL TERM
Topical term or geographic name entry element Food allergy
General subdivision Diet therapy
Form subdivision Recipes.
9 (RLIN) 31443
920 ## - Programme
Programme SHT : 134541
Holdings
Withdrawn status Lost status Source of classification or shelving scheme Damaged status Not for loan Home library Current library Date acquired Cost, normal purchase price Total Checkouts Barcode Date last seen Date last checked out Copy number Uniform Resource Identifier Cost, replacement price Koha item type Public note
    Dewey Decimal Classification     Taylor's Library-TU Taylor's Library-TU 20/10/2009 59.97 23 5000109469 05/12/2019 30/11/2018 1 Floor 4, Shelf 20 , Side 2, TierNo 3, BayNo 5 59.97 Main Collection SCAFS,70006,03,GR